Movies Quiz

Random Movies or Basketball Quiz

BASEketball Teams Quiz Stats

 Plays Quiz not verified by Sporcle

Challenge
Share
Tweet
Embed
Score 0/9 Timer 03:00
0 Plays Today
Team % Correct
Milwaukee Beers
89.2%
San Francisco Ferries
59.2%
Dallas Felons
56.7%
New Jersey Informants
40%
Roswell Aliens
36.7%
Miami Dealers
33.3%
San Antonio Defenders
30%
Los Angeles Riot
30%
Detroit Lemons
16.7%

You're not logged in!

Compare scores with friends on all Sporcle quizzes.
Join for Free
OR
Log In

You Might Also Like...

Show Comments

Extras

Created Dec 2, 2009SourceReportNominate
Tags:Basketball Quiz, team

Top Quizzes Today


Score Distribution

Your Account Isn't Verified!

In order to create a playlist on Sporcle, you need to verify the email address you used during registration. Go to your Sporcle Settings to finish the process.

Report this User

Report this user for behavior that violates our Community Guidelines.

Details: